| 000 | 00474nab a22001457 4500 | ||
|---|---|---|---|
| 003 | ES-SlBCS | ||
| 005 | 20240605155834.0 | ||
| 008 | 240605s2023 sp ||||| |||| 00| 0 spa d | ||
| 040 |
_aES-SlBCS _bspa |
||
| 041 | _aspsa | ||
| 100 | 1 |
_aSierra Lechuga, Carlos _9408223 |
|
| 245 | 1 | 0 |
_aNoología y reología o de cómo usar el legado de Zubiri hoy _cCarlos Sierra-Lechuga |
| 773 | 0 |
_gVol. 79, núm. 306, 2023, págs. 1915-1938 _tPensamiento _wRev321 _x0031-4749 |
|
| 942 |
_2lcc _cAR |
||
| 999 |
_c896356 _d896356 |
||